000
00302 a2200133 4500
000
nam a22 7a 4500
100
_a
Pillai, R S N
110
_a
Pillai, R S N
245
_a
Marketing Management
250
_a
Latest edition
260
_b
S Chand
_c
2024
264
_b
S Chand
_c
2024
942
_c
BK
999
_c
396964
_d
396964